Central Library OPAC University of Rajshahi

The practice of teaching in the secondary school / (Record no. 49969)

MARC details
000 -LEADER
fixed length control field 00751nam a2200253 a 4500
001 - CONTROL NUMBER
control field 49969
003 - CONTROL NUMBER IDENTIFIER
rucl marc code BD-RjUL
005 - DATE AND TIME OF LATEST TRANSACTION
control field 20211209075434.0
008 - FIXED-LENGTH DATA ELEMENTS--GENERAL INFORMATION
fixed length control field 160823r19471926enk 001 0 eng
035 ## - SYSTEM CONTROL NUMBER
System control number (BD-RjUL)50089
040 ## - CATALOGING SOURCE
Original cataloging agency DLC
Transcribing agency ODaWU
Modifying agency MoSpCB
-- BD-RjUL
Language of cataloging eng
041 ## - LANGUAGE CODE
Language code of text/sound track or separate title eng
082 ## - DEWEY DECIMAL CLASSIFICATION NUMBER
Edition number 23
Classification number 373
Author mark and year MOP 1947
100 10 - MAIN ENTRY--PERSONAL NAME
Personal name Morrison, Henry C.
9 (RLIN) 149755
245 14 - TITLE STATEMENT
Title The practice of teaching in the secondary school /
Statement of responsibility, etc. by Henry C. Morrison.
250 ## - EDITION STATEMENT
Edition statement Rev ed.
260 ## - PUBLICATION, DISTRIBUTION, ETC. (IMPRINT)
Place of publication, distribution, etc. Chicago :
Name of publisher, distributor, etc. University of Chicago Press,
Date of publication, distribution, etc. c1926 [impression 1947]
300 ## - PHYSICAL DESCRIPTION
Pagination x, 688 p. ;
Size 23 cm.
500 ## - GENERAL NOTE
General note Include index
650 #0 - SUBJECT ADDED ENTRY--TOPICAL TERM
Topical term or geographic name as entry element Teaching.
9 (RLIN) 149756
Topical term or geographic name as entry element Education, Secondary.
9 (RLIN) 149757
942 ## - ADDED ENTRY ELEMENTS (KOHA)
Source of classification or shelving scheme Dewey Decimal Classification
Koha item type Books
Holdings
Lost status Source of classification or shelving scheme Damaged status Not for loan Collection code Permanent Location Current Location Shelving location Date acquired Source of acquisition Cost, normal purchase price Total Checkouts Full call number Date last seen Copy number Koha item type
  Dewey Decimal Classification     Non-fiction Central Library, University of Rajshahi Central Library, University of Rajshahi   21/02/1955 Mohiuddin and Sons, Dacca 32.80   373 MOP 1947 23/08/2016 C-2 Books